00369nam a2200145Ia 4500008004100000020001800041041000800059082001500067100002300082245002400105260003500129300000800164365001600172700003500188230718s9999 xx 000 0 und d a9780199455393 aeng a604.2bPAR aParthasarathy N.S. aEngineering Drawing c2016bOxford University Press a692 cRs.b499.00 aParthasarathy N.S. & Murali V.